000 00659nam a2200241Ia 4500
003 OSt
005 20220926012020.0
006 a|||||r|||| 00| 0
007 ta
008 220923b |||||||| |||| 00| 0 eng d
037 _cGeneral Book
040 _aRTL
_cRTL
_beng
041 _2eng
_aeng
082 _azG(X), K7
100 _aDoctor Adi H
245 0 _aSarvodaya
_b A political and economic study
260 _aNew York
_bAsia publishing house
_c1967
300 _av,229p.
_ccm.
490 _aMarathwada University theses
650 _aGandhiana
942 _hzG(X), K7
_cGB
_2CC
999 _c621549
_d621549